UBT Library

Medical-surgical nursing : (Record no. 47039)

000 -LEADER
fixed length control field 02258cam a2200301 i 4500
001 - CONTROL NUMBER
control field 17878931
005 - DATE AND TIME OF LATEST TRANSACTION
control field 20180813072356.0
008 - FIXED-LENGTH DATA ELEMENTS--GENERAL INFORMATION
fixed length control field 130905s2014 mou b 001 0 eng
010 ## - LIBRARY OF CONGRESS CONTROL NUMBER
LC control number 2013036087
020 ## - INTERNATIONAL STANDARD BOOK NUMBER
International Standard Book Number 9780323100892 (two volume set, pbk. : alk. paper)
020 ## - INTERNATIONAL STANDARD BOOK NUMBER
International Standard Book Number 0323100899 (two volume set, pbk. : alk. paper)
020 ## - INTERNATIONAL STANDARD BOOK NUMBER
International Standard Book Number 9780323086783 (single volume, hardcover : alk. paper)
020 ## - INTERNATIONAL STANDARD BOOK NUMBER
International Standard Book Number 0323086780 (single volume, hardcover : alk. paper)
035 ## - SYSTEM CONTROL NUMBER
System control number (DNLM)101616416
040 ## - CATALOGING SOURCE
Original cataloging agency DNLM/DLC
Language of cataloging eng
Transcribing agency DLC
Description conventions rda
Modifying agency DLC
041 ## - LANGUAGE CODE
Language code of text/sound track or separate title eng
042 ## - AUTHENTICATION CODE
Authentication code pcc
060 10 - NATIONAL LIBRARY OF MEDICINE CALL NUMBER
Classification number WY 100
080 ## - UNIVERSAL DECIMAL CLASSIFICATION NUMBER
Universal Decimal Classification number 617..0231
082 00 - DEWEY DECIMAL CLASSIFICATION NUMBER
Classification number 617..0231
Edition number 23
100 1# - Rafti
Rafti 2
101 ## - Shkurtesa
Shkurtesa NUR
245 10 - TITLE STATEMENT
Title Medical-surgical nursing :
Statement of responsibility, etc Sharon L. Lewis, RN, PhD, FAAN, Professor Emerita, University of New Mexico, Albuquerque, New Mexico, Former Castella Distinguished Professor, School of Nursing, University of Texas Health Science Center at San Antonio, San Antonio, texas, Developer and Consultant, Stress Busting Program for Family Caregivers, Shannon Ruff Dirksen, RN, PhD, FAAN, Associate Professor, College of Nursing and Health Innovation, Arizona State University, Phoenix, Arizona, Margaret McLean Heitkemper, RN, PhD, FAAN, Professor and Chairperson, Biobehavioral Nursing and Health Systems, Elizabeth Sterling Soule Endowed Chair in Nursing, School of Nursing, Adjunct Professor, Division of Gastroenterology, School of Medicine, University of Washington, Seattle, Washington, Linda Bucher, RN, PhD, CEN, CNE, Emerita Professor, School of Nursing, University of Delaware, Newark, Delaware, Consultant/Mentor, W. Cary Edwards School of Nursing, thomas Edison state College, Trenton, New Jersey, Per Diem Staff Nurse, Emergency Department, Virtua Memorial Hospital, Mt. Holly, New Jersey ; special editor, Mariann M. Harding, RN, PhD, CNE, Associate Professor of Nursing, Kent State University at Tuscarawas, New Philadelphia, Ohio.
504 ## - BIBLIOGRAPHY, ETC. NOTE
Bibliography, etc Includes bibliographical references and index.
906 ## - LOCAL DATA ELEMENT F, LDF (RLIN)
a 7
b cbc
c orignew
d 1
e ecip
f 20
g y-gencatlg
942 ## - ADDED ENTRY ELEMENTS (KOHA)
Source of classification or shelving scheme
Item type Books
Holdings
Withdrawn status Lost status Source of classification or shelving scheme Damaged status Not for loan Collection code Permanent location Current location Shelving location Date acquired Total Checkouts Full call number Barcode Date last seen Price effective from Koha item type
          Koleksioni i përgjithshem UBT - Lipjan UBT - Lipjan Koleksioni i përgjithshem 08/13/2018   617..0231 LEW 002-3010888 08/13/2018 08/13/2018 Books
          Koleksioni i përgjithshem UBT - Lipjan UBT - Lipjan Koleksioni i përgjithshem 05/21/2021   610.73 LEW 002-7002942 05/21/2021 05/21/2021 Books
          Koleksioni i përgjithshem UBT - Lipjan UBT - Lipjan   10/28/2022   610.LEW 002-800028700260367 10/28/2022 10/28/2022 Books
          Koleksioni i përgjithshem UBT - Lipjan UBT - Lipjan   11/22/2022   617..0231 002-800028700260822 11/22/2022 11/22/2022 Books
UBT Library © 2015-2024. All rights reserved University Education for Business and Technology